Name a Valid Word #4 - Statistics

General Stats
  • This quiz has been taken 41,271 times
    41,037 since last reset
  • The average score is 11 of 16
Answer Stats
Criteria Words % Correct
Three letters, middle letter is G age | ago | egg | ego | ugh
90%
Starts with O, four letters, contains X onyx | oryx | oxen | others ...
89%
Seven letters, starts with B ends in KING backing | balking | banking | barking | others ...
88%
Four letters, ends in UG chug | drug | glug | frug | plug | slug | smug | snug | thug | trug
87%
Begins with AA, is an animal aardvark | aardwolf
84%
Starts with S, is a bird swan | snipe | stork | sparrow | swallow | starling | others ...
77%
Is five letters, starts with V, ends in L venal | vigil | vinyl | viral | vital | vocal | vowel | others ...
76%
Eight letters, ends in QUENT eloquent | frequent
75%
Starts with L, appears in the title of an official Disney animated feature film lady | lion | little | lost
75%
Starting with M, in the title of a Shakespeare play measure | merchant | merry | midsummer | much
64%
Six letters, starts in AR, ends in R arbour | archer | ardour | arguer | arider | arrear | artier | armour
63%
Six letters, starts with DW dwarfs | dweebs | dwells
53%
Starts with R, is in the title of a Beatles song raccoon | revolution | rich | ride | road | rock | roll | others ...
50%
Is a color, ends in R amber | copper | lavender | silver | umber | others ....
47%
Is a Spanish loan word, starts with J jade | jalapeño | javelina | jefe | jerky | junta
38%
Three letter word that is a valid Roman numeral (there's only one!) mix
36%
No matching quizzes found
Score Distribution
Percent of People with Each Score
Percentile by Number Answered
Your Score History
You have not taken this quiz since the last reset